Essentials of Clinical Anatomy (Record no. 109)

MARC details
000 -LEADER
fixed length control field 00511nam a2200193 4500
003 - CONTROL NUMBER IDENTIFIER
control field OSt
005 - DATE AND TIME OF LATEST TRANSACTION
control field 20230221164721.0
008 - FIXED-LENGTH DATA ELEMENTS--GENERAL INFORMATION
fixed length control field 140701b xxu||||| |||| 00| 0 eng d
020 ## - INTERNATIONAL STANDARD BOOK NUMBER
International Standard Book Number 0443039631
040 ## - CATALOGING SOURCE
Transcribing agency 040a
082 ## - DEWEY DECIMAL CLASSIFICATION NUMBER
Classification number QS4 G31e 1989
100 ## - MAIN ENTRY--PERSONAL NAME
Personal name Ger, Ralph; Abrahams, Peter.
9 (RLIN) 305
245 ## - TITLE STATEMENT
Title Essentials of Clinical Anatomy
260 ## - PUBLICATION, DISTRIBUTION, ETC. (IMPRINT)
Place of publication, distribution, etc. Edinburg;
Name of publisher, distributor, etc. Churchill Livingstone,
Date of publication, distribution, etc. 1989
300 ## - PHYSICAL DESCRIPTION
Extent xi, 530 p;
Other physical details ill :
Dimensions 24 cm .
504 ## - BIBLIOGRAPHY, ETC. NOTE
Bibliography, etc includes index
650 ## - SUBJECT ADDED ENTRY--TOPICAL TERM
Topical term or geographic name as entry element Anatomy
9 (RLIN) 124
942 ## - ADDED ENTRY ELEMENTS (KOHA)
Source of classification or shelving scheme Other/Generic Classification Scheme
Koha item type Open Shelf
Holdings
Withdrawn status Lost status Source of classification or shelving scheme Damaged status Not for loan Home library Current library Date acquired Source of acquisition Inventory number Total Checkouts Full call number Barcode Date last seen Koha item type Price effective from
    Other/Generic Classification Scheme     MUST Main Library MUST Main Library 01/07/2014 Donation 95/7583   QS4 G31e 1989 2014-0137 01/07/2014 Open Shelf  
    Other/Generic Classification Scheme     MUST Main Library MUST Main Library 02/12/2019 Purchase 4423   QS4 G31e 1989 2019-0685 02/12/2019 Open Shelf 02/12/2019